Μακρυγιάννη απομνημονεύματα

Αποθηκεύτηκε σε:
Λεπτομέρειες βιβλιογραφικής εγγραφής
Κύριος συγγραφέας: Μακρυγιάννης, Ιωάννης, 1797-1864
Άλλοι συγγραφείς: Ασδραχάς, Σπύρος Ι., 1933-2017 (Συγγραφέας εισαγωγής κ.λπ.)
Μορφή: Βιβλίο
Γλώσσα:Greek
Δημοσίευση: Αθήνα : Καραβίας, [197-?].
Θέματα:
Ετικέτες: Προσθήκη ετικέτας
Δεν υπάρχουν, Καταχωρήστε ετικέτα πρώτοι!

MARC

LEADER 00000cam a2200000 i 4500
001 1/50826
008 040311q19701975gr | ||| |||| ||gre||
035 |l 10072648 
040 |a GR-MY-UA  |b gre  |e aacr 
041 0 |a gre 
082 7 |a 938.509   |2 (22) 
100 1 |a Μακρυγιάννης, Ιωάννης,   |d 1797-1864. 
245 1 0 |a Μακρυγιάννη απομνημονεύματα /   |c εισαγωγή-σχόλια: Σπύρου Ι. Ασδραχά.  
260 |a Αθήνα :   |b Καραβίας,   |c [197-?].  
300 |a 598 σ. ;   |c 24 εκ.  
504 |a Περιέχει ευρετήριο.  
600 1 0 |a Μακρυγιάννης, Ιωάννης,   |d 1797-1864. 
651 0 |a Greece  |x History  |y War of Independence, 1821-1829  |x Sources. 
700 1 |a Ασδραχάς, Σπύρος Ι.,   |d 1933-2017,  |e aui 
852 |a INST  |b LESVOS  |e 20060110  |h 938.509 ΜΑΚ  |p 005100033864  |q 005100033864  |t BK  |y 0 
852 |a INST  |b RHODES  |c AKA  |e 20040311  |h  938.509 ΜΑΚ  |p 005400019481  |q 005400019481  |t BK  |y 0 
901 |a BIBL4-2004-1 
901 |a BIBL1-2006-1 
909 |a Ρ  |b 105275 
909 |a Λ  |b 124572 
920 |a ΕΠΕΑΕΚ ΚΟΙΝΩΝΙΚΗΣ ΑΝΘΡΩΠΟΛΟΓΙΑΣ  |y Λέσβος  |z 2005-11 
970 |a ΚΟΥΛΑΚΙΟΤΗ  |b ΛΙΤΣΑ  |z 2004/03/11